Caricamento...

Apne par /

Dettagli Bibliografici
Autore principale: Rajendr Yadev
Natura: Printed Book
Lingua:Hindi
Pubblicazione: National Publishing House , 1968.
Soggetti:
LEADER 00495nam a2200157Ia 4500
008 150624b xxu||||| |||| 00| 1 hin d
082 |a 863.713R5 
100 |a Rajendr Yadev 
245 |c Rajendr Yadev  |a Apne par / 
260 |b National Publishing House ,  |c 1968. 
300 |a 116 p. 
546 |a In Hindi. 
650 |v Fiction 
942 |c BK 
999 |c 87103  |d 87103 
952 |0 1  |1 0  |4 0  |6 863_000000000000000_713R5_APN_H  |7 0  |9 87047  |a UL  |b UL  |c ST2  |d 1998-09-15  |l 0  |o 863.713R5 APN H  |p 4200  |r 2012-10-27  |w 2012-10-27  |y BK